00909nam a22002417a 4500003000400000005001700004008004100021020003000062040003100092050001600123100002900139245013800168260004300306300004700349336002400396337002800420338002500448504005100473650004200524650004200566942004000608999001900648OSt20250530090612.0250530b |||||||| |||| 00| 0 eng d a9789811256035 (hardcover) aNUSTbengcNUSTdNUSTerda aBQ4570 PAR  aParnovsky, SergeeAuthor aAbout the biggest, the smallest, and everything else :bTravelling through the universe with a physicist Guide /c Serge L Parnovsky. aNew Jersey :bWorld Scientific,c2023. axxix, 538 pages :bIllustrations ;c26 cm. 2rdamediaatextbtxt 2rdamediaaunmediatedbn 2rdamediaavolumebnc aIncludes bibliographical references and index. v Philosophy, Psychology and Religion. vDoctrinal and systematic Buddhism . 2lcccBOOKShBQ4570 PAR kBQmPARn0 c171889d171889